| 000 | 00689cac a22001931u 4500 | ||
|---|---|---|---|
| 008 | 081112t1976 -uk|||||r|||| 001 0 eng d | ||
| 010 | _a75036525 | ||
| 020 | _a0801409179 | ||
| 082 | 0 | 0 |
_a301.59209598 _bEMM _222 |
| 245 | 1 | 0 |
_aIndonesia's Elite : _bPolitical Culture and Cultural Politics / _cDonald K. Emmerson. |
| 260 |
_aLondon : _bCornell University Press, _cc1976. |
||
| 300 |
_a303 p.: _c23 cm. |
||
| 500 | _aDonations. | ||
| 500 | _aDonations - Dr. Mostafa Gouda. | ||
| 504 | _aIncludes bibliographical references and index. | ||
| 651 | 0 |
_aIndonesia _xPolitics and government _y1966-1998. _933544 |
|
| 651 | 0 |
_aIndonesia _xSocial conditions. _933545 |
|
| 942 |
_cBB _k301.59209598EMM _2ddc |
||
| 999 |
_c1778 _d1778 |
||